000 00517ntaaa2200193 4500
003 01
005 20251027203301.0
008 0714s1973 ag 01
040 _aAR-BaBN
_bspa
_cAR-BaBN
_eaacr
_dRIC
082 _a100 G16
100 _aGarcia Morente, Manuel
_94987
245 _aLecciones preliminares de filosofía /
_cManuel Garcia Morente
250 _a15ª ed.
260 _aBuenos Aires :
_bLosada S. A.,
_c1972
300 _a409 pp.
490 _aBiblioteca filosófica
650 _aFILOSOFIA
942 _cBK
999 _c28296
_d28296